Language Families and Subfamilies with a Map - Statistics

General Stats
  • This quiz has been taken 5,606 times
  • The average score is 34 of 390
Answers on the Map
Answers color-coded by a green-red scale on the quiz's map according to % correct below.
 
Answer Stats
Families % Correct
Je
93%
Romance
92%
Germanic
88%
Balto-Slavic
82%
Japonic
75%
Indo-European
73%
Turkic
72%
Koreanic
71%
Celtic
68%
Uralic
68%
Sinitic
64%
Monic
61%
Mongolic
58%
Eskaleut
57%
Indo-Aryan
57%
Semitic
55%
Tai
55%
Loloish
52%
Berber
48%
Tibetic
48%
Austronesian
47%
Dravidian
47%
Sino-Tibetan
47%
Kartvelian
46%
Vietic
44%
Afroasiatic
43%
Bantu
43%
Malayic
43%
Iranian
40%
Central Pacific
39%
Mayan
39%
Southern Athabaskan
39%
Atlantic-Congo
36%
Khmeric
35%
Quechuan
35%
Burmish
33%
Northwest Caucasian
30%
Siouan-Catawban
28%
Algic
26%
Mel
26%
Austroasiatic
25%
Khoe-Kwadi
25%
Saharan
25%
Meso-Melanesian
24%
Micronesian
24%
Na-Dene
24%
Hmongic
23%
Iroquois Proper
23%
Tungusic
22%
Aymaran
21%
Nilotic
20%
Northeast Caucasian
20%
Chukutko-Kamchatkan
19%
Cushitic
19%
Kra
19%
Kam-Sui
18%
Oghuz
18%
Uto-Aztecan
18%
Cariban
17%
Kra-Dai
17%
Araucanian
16%
Arawan
15%
Tupian
15%
Chadic
14%
Chon
14%
Nubian
14%
Sal
14%
Senegambian
14%
Arawakan
13%
Kipchak
13%
South-Central Dravidian
13%
Fur
12%
Tasmanian
12%
Trans-New Guinea
12%
Paman
11%
Salishan
11%
Yeniseian
11%
Iroquoian
10%
Mande
10%
Karenic
9%
Kiowa-Tanoan
9%
Mienic
9%
Muskogean
9%
North Dravidian
9%
Omotic
9%
South Dravidian
9%
Chamic
8%
Hmong-Mien
8%
Pama-Nyungan
8%
Songhai
8%
Yukaghir
8%
Barrier Islands-Batak
7%
Greater Central Philippine
7%
Karluk
7%
Tuu
7%
Yucatecan
7%
Andamanese
6%
Central Dravidian
6%
Chibchan
6%
Kru
6%
Macro-Je
6%
Oto-Manguean
6%
Ta-Arawakan
6%
Caddoan
5%
Celebic
5%
Central West New Guinea
5%
Chinookan
5%
Dogon
5%
Gur
5%
Ijaw
5%
Jicaquean
5%
Kwa
5%
Kxa
5%
Mixtecan
5%
Nyungic
5%
Siberian Turkic
5%
Zapotecan
5%
Central Sudanic
4%
Munda
4%
Nicobarese
4%
Northern Athabaskan
4%
Nuristani
4%
Ongan
4%
Quichean-Mamean
4%
Tsimshianic
4%
Wakashan
4%
Yuin-Kuric
4%
Bantoid
3%
Chocoan
3%
Chumashan
3%
Dani
3%
Eastern Algonquian
3%
Heiban
3%
Kadu
3%
Khasi-Palaungic
3%
Maban
3%
Misumalpan
3%
Mixe
3%
North Halmahera
3%
Plateau Penutian
3%
Rashad
3%
Sepik
3%
South Bougainville
3%
Tupi-Guarani
3%
Ubangian
3%
Uru-Chipaya
3%
Volta-Niger
3%
Yam
3%
Yanomaman
3%
Yuman-Cochimi
3%
Zoque
3%
Alacalufan
2%
Angan
2%
Anim
2%
Ao
2%
Arai-Samaia
2%
Aru
2%
Aslian
2%
Baining
2%
Barbacoan
2%
Barito
2%
Border
2%
Bulaka River
2%
Bunuban
2%
Central Algonquian
2%
Charruan
2%
Chicham
2%
Chimakuan
2%
Chimbu-Wahgi
2%
Ch'olan
2%
Coast Salish
2%
Coosan
2%
Daju
2%
Darwin Region
2%
Eastern Daly
2%
Eastern Jebel
2%
East Formosan
2%
East Strickland
2%
East Trans-Fly
2%
Fas
2%
Grass
2%
Guaicuruan
2%
Gumuz
2%
Kalapuyan
2%
Katloid
2%
Katuic
2%
Keresan
2%
Koman
2%
Kuki-Chin
2%
Kuliak
2%
Kunama
2%
Kwomtari
2%
Lakes Plain
2%
Land Dayak
2%
Lenca
2%
Lower Sepik
2%
Macro-Gunwinyguan
2%
Mantion-Meax
2%
Mirndi
2%
Mixe-Zoque
2%
North Bougainville
2%
Oto-Pamean
2%
Panoan
2%
Plains Algonquian
2%
Plateau
2%
Pomoan
2%
Purian
2%
Qiangic
2%
Ramu
2%
Ritwan
2%
Senufo
2%
Shastan
2%
Sko
2%
South Bird's Head
2%
Southern Daly
2%
Southern Nilotic
2%
Southern Oceanic
2%
South Sulawesi
2%
Surmic
2%
Talodi
2%
Tangkic
2%
Temein
2%
Timor-Alor-Pantar
2%
Tlapanec-Manguean
2%
Torricelli
2%
Totonacan
2%
Tucanoan
2%
Victorian Pama-Nyungan
2%
Wagaydyic
2%
West Bird's Head
2%
Western Daly
2%
Worrorran
2%
Xincan
2%
Yokutsan
2%
Yuki-Wappo
2%
Admiralty Islands
1%
Arandic-Thura-Yura
1%
Asmat-Mombum
1%
Bahnaric
1%
Bongo-Bagirmi
1%
Boran
1%
Bororoan
1%
Bosavi
1%
Cahuapanan
1%
Catacaoan
1%
Central Solomon
1%
Chapacuran
1%
Costanoan
1%
Cross River
1%
Doso-Turumsa
1%
Dyirbalic
1%
Eastern Central Sudanic
1%
Eastern Nilotic
1%
East Geelvink Bay
1%
Eleman
1%
Engan
1%
Finisterre-Huon
1%
Flores-Lembata
1%
Garawan
1%
Gogodala-Suki
1%
Goilalan
1%
Grassfields
1%
Greater Siangic
1%
Guajiboan
1%
Guiana Carib
1%
Harakmbut-Katukina
1%
Hatam-Mansim
1%
Huarpean
1%
Huastec
1%
Interior Salish
1%
Iwaidjan
1%
Jarrakan
1%
Jirajaran
1%
Kamaka
1%
Kariri
1%
Karnic
1%
Kaure-Kosare
1%
Kayagar
1%
Kho-Bwa
1%
Kiwaian
1%
Komuz
1%
Krenak
1%
Kwerbic
1%
Lule-Vilela
1%
Madang
1%
Mairasi
1%
Maric
1%
Mascoian
1%
Matacoan
1%
Middle Sepik
1%
Mississippi Valley Siouan
1%
Miwok
1%
Nadahup
1%
Nambikwaran
1%
Newaric
1%
Nimboran
1%
Northern Eastern Sudanic
1%
Northern Luzon
1%
North New Guinea
1%
North Sarawakan
1%
Northwestern Formosan
1%
Numic
1%
Nungish
1%
Nyulnyulan
1%
Ohio Valley Siouan
1%
Orya-Tor
1%
Pacific Coast Athabaskan
1%
Pahoturi
1%
Palaihnihan
1%
Papuan Tip
1%
Paresi-Waura
1%
Pauwasi
1%
Pearic
1%
Peba-Yaguan
1%
Piaroa-Saliba
1%
Popolocan
1%
Savannas
1%
Senagi
1%
Sentani
1%
Southeast Papuan
1%
Southeast Solomonic
1%
Southern Arawakan
1%
Southwest Sabahan
1%
Sumba-Flores
1%
Tacanan
1%
Takic
1%
Tamangic
1%
Tani
1%
Tarahumaran
1%
Taulil-Butam
1%
Teberan
1%
Tepiman
1%
Tequistlatecan
1%
Ticuna-Yuri
1%
Timoric
1%
Timotean
1%
Tiniguan
1%
Tor-Kwerba
1%
Tsouic
1%
Turama-Kikorian
1%
Upper Amazon Arawakan
1%
Upper Sepik
1%
Upper Yuat
1%
Venezuela Carib
1%
Votic
1%
Wati
1%
West Bomberai
1%
Western Nilotic
1%
Wintuan
1%
Witotoan
1%
Yawa
1%
Yolŋu
1%
Yuat
1%
Zamucoan
1%
Zaparoan
1%
Angami-Pochuri
0%
Binanderean
0%
Central Maluku
0%
Chinantecan
0%
Cuna-Colombian
0%
Duna-Pogaya
0%
East Bodish
0%
Jukunoid
0%
Kainantu-Goroka
0%
Kainji
0%
Kayan-Murik
0%
Kei-Tanimbar
0%
Kiranti
0%
Kutubuan
0%
Leonhard Schultze
0%
Mainline Panoan
0%
Mambiloid
0%
Maxakalian
0%
Melanau-Kajang
0%
Ngarna
0%
Northeast Sabahan
0%
Palikuran
0%
Paniai Lakes
0%
Parukotoan
0%
Q'anjob'alan
0%
Sepik Hills
0%
South Halmahera-West New Guinea
0%
Talamanca
0%
Tangkhulic
0%
Temotu
0%
Western Tucanoan
0%
West Himalayish
0%
Wogamus
0%
Yabutian
0%
Zemeic
0%
No matching quizzes found
Score Distribution
Percent of People with Each Score
Percentile by Number Answered
Your Score History
You have not taken this quiz